Czy znasz tablice rejestracyjne w województwie śląskim? - Statystyki

Ogólne statystyki
  • Ten quiz został rozwiązany 192 razy
  • Średni wynik to 34 z 37
Statystyki odpowiedzi
Powiat Wyróżnik % Poprawnych
Częstochowa SC
100%
Gliwice SG
100%
Bielsko-Biała SB
99%
Jaworzno SJ
99%
Dąbrowa Górnicza SD
98%
Katowice SK
98%
Mysłowice SM
98%
Sosnowiec SO
97%
Rybnik SR
97%
Tychy ST
97%
powiat bielski SBI
96%
powiat bieruńsko-lędziński SBL
96%
powiat cieszyński SCI
96%
powiat gliwicki SGL
96%
Chorzów SH
96%
Zabrze SZ
96%
powiat mikołowski SMI
95%
powiat będziński SBE
94%
powiat częstochowski SCZ
94%
Jastrzębie-Zdrój SJZ
94%
powiat myszkowski SMY
94%
powiat kłobucki SKL
93%
powiat pszczyński SPS
91%
Siemanowice Śląskie SI
90%
powiat lubliniecki SLU
90%
Piekary Śląskie SPI
90%
powiat rybnicki SRB
90%
powiat tarnogórski STA
90%
powiat żywiecki SZY
90%
powiat raciborski SRC
89%
powiat zawierciański SZA
89%
powiat wodzisławski SWD
88%
Bytom SY
88%
Żory SZO
87%
Świętochłowice SW
86%
Ruda Śląska SL
75%
powiat wodzisławski* SWZ
66%
Nie znaleziono quizów pasujących do podanych kryteriów
Rozkład punktacji
Procent ludzi z każdym wynikiem
Percentyl według liczby udzielonych odpowiedzi
Twoja historia wyników
Nie rozwiązałeś tego quizu